Logo BPK

Biblioteka

Politechniki Koszalińskiej

Fiziko-chemiceskaja mechanika i liofil'nost' dispersnych sistem ; (Rekord nr 29062)

Szczegóły MARC
000 -ETYKIETA REKORDU
podpole kontrolne o stałej długości 00593nam a2200145 i 4500
001 - NUMER KONTROLNY REKORDU
pole kontrolne bg
040 ## - ŹRÓDŁO KATALOGOWANIA
Instytucja, która utworzyła rekord BPK
041 ## - KOD JĘZYKA
Kod języka tekstu pol
080 ## - UNIWERSALNA KLASYFIKACJA DZIESIĘTNA - UKD
UKD 541.18
008 - POLE O STAŁEJ DŁUGOŚCI - DANE KONTROLNE
podpole kontrolne o stałej długości s pl f |000 0 pol
245 #0 - TYTUŁ/ODPOWIEDZIALNOŚĆ
Tytuł Fiziko-chemiceskaja mechanika i liofil'nost' dispersnych sistem ;
Ciąg dalszy tytułu respublikanskij meżvedomstvennyj sbornik naucnych trudov.
Oznaczenie części/sekcji dzieła Vol. 20 /
Pozostałe elementy strefy tytułu i oznaczenia odpowiedzialności Akademija Nauk Ukrainskoj SSR. Otdelenie Prirodnych Dispersnych Sistem Instituta Kolloidoj Chimii i Chimii Vody im. A. V. Dumanskogo.
260 ## - STREFA ADRESU WYDAWNICZEGO
Miejsce wydania Kiev :
Nazwa wydawcy/dystrybutora "Naukova Dumka",
Data publikacji, dystrybucji/powstania dokumentu 1989.
300 ## - STREFA OPISU FIZYCZNEGO
Objętość 95, [1] s. :
Inne cechy fizyczne rys., wykr. ;
Rozmiary 26 cm.
942 ## - DODATKOWE ELEMENTY (KOHA)
Typ dokumentu Książka
Egzemplarze
Wycofany Status egzemplarza Uszkodzony Dostępność Lokalizacja stała Lokalizacja bieżąca Numer ubytku Sygnatura Kod kreskowy Typ dokumentu Miejsce przechowywania
  Egz. niedostępny   Niedostępny Biblioteka Politechniki Koszalińskiej Biblioteka Politechniki Koszalińskiej 12577 35111 01596144 Książka  
      Dostępny Biblioteka Politechniki Koszalińskiej Biblioteka Politechniki Koszalińskiej   35112 01596137 Książka Wypożyczalnia BG
© 2023 Biblioteka Politechniki Koszalińskiej :: KOHA